000 00677nam a22002297a 4500
003 OSt
005 20140310181919.0
008 130718t xxu||||| |||| 00| 0 eng d
020 _a9715115705
050 _aHQ 536
_b.C466 2004
082 _aTR 646.78
_bC36 2004
100 _aChapman, Gary
_91431
245 _aFive signs of a loving family. /
_cChapman, Gary.
260 _aMetro, Manila :
_bOMF Literature Inc,
_cc1999.
300 _a243 p. ;
_c23 cm.
521 _aFaculty
541 _j1
562 _e1
650 _2Family.--United States.--Psycological aspects
650 _2Communication in the family.--United States
942 _2lcc
_cBK-TR
_kTR
999 _c6909
_d6909